000
00275nam a2200097Ia 4500
005
20251222114413.0
008
251222s1900||||xx |||||||||||||| ||spa||
082
_a
DVD0192/M12/2003
245
0
_a
Teoría y práctica de la literatura de las mujeres latinoamericanas :
942
_c
DVD
999
_c
2108
_d
2108